Top 100 Meilleurs Animés - Statistiques

Statistiques générales
  • Ce quiz a été pris 434 fois
  • Le résultat moyen est 19 sur 100
Statistiques - réponses
Réponse % Correct
Naruto
96%
One Piece
96%
Dragon Ball
82%
L'Attaque des Titans
70%
Bleach
66%
Demon Slayer
64%
My Hero Academia
64%
Jujutsu Kaisen
60%
Death Note
56%
L'Attaque des Titans 3 : Partie 2
55%
L'Attaque des Titans 2
54%
Dragon Ball Z
52%
Fairy Tail
47%
Tokyo Ghoul
47%
One-Punch Man
43%
Assassination Classroom
41%
Naruto Shippuden
40%
Haikyu!!
38%
Fullmetal Alchemist
37%
Pokémon
36%
Berserk
34%
Vinland Saga
34%
Hunter × Hunter
33%
Sword Art Online
31%
Seven Deadly Sins
27%
JoJo's Bizarre Adventure
25%
Re:Zero
24%
Kuroko no Basket
23%
Détective Conan
22%
Your Lie in April
21%
Erased
20%
The Promised Neverland
20%
Blue Exorcist
19%
Gintama
19%
Black Butler
18%
Cowboy Bebop
18%
Fate/zero
18%
Monster
18%
Nana
18%
Parasite
17%
Mob Psycho 100
16%
Olive et Tom
16%
Fullmetal Alchemist : Brotherhood
15%
No Game No Life
15%
Steins;Gate
15%
Death Parade
14%
Violet Evergarden
14%
Goldorak
12%
Black Lagoon
11%
Psycho-Pass
11%
Angel Beats!
10%
Kill la Kill
10%
Made in Abyss
10%
Clannad
9%
Devilman Crybaby
9%
Neon Genesis Evangelion
8%
Nicky Larson
8%
Gurren Lagann
7%
Samurai Champloo
7%
Anohana
6%
Bakemonogatari
6%
Durarara!!
6%
Elfen Lied
6%
Cobra
5%
Les Chevaliers du Zodiaque
5%
Les Chevaliers du Zodiaque : Chapitre Hadès
5%
Trigun
4%
Code Geass: Lelouch of the Rebellion
3%
Mushishi
3%
Terror in Resonance
3%
Baccano!
2%
Claymore
2%
Ergo Proxy
2%
Ghost in the Shell
2%
GTO : Great Teacher Onizuka
2%
Hellsing Ultimate
2%
JoJo's Bizarre Adventure : Diamond Is Unbreakable
2%
JoJo's Bizarre Adventure: Stardust Crusaders
2%
Ping Pong
2%
Puella Magi Madoka Magica
2%
Red Eyes Sword
2%
Serial Experiments Lain
2%
Albator 78
1%
Albator 84
1%
Bienvenue dans la NHK
1%
Code Geass: Lelouch of the Rebellion R2
1%
Dragon Ball Z Kai
1%
FLCL
1%
From the New World
1%
Ippo le challenger
1%
Kaiji: Ultimate Survivor
1%
Les Héros de la Galaxie
1%
Nichijou: My Ordinary Life
1%
Paranoia Agent
1%
The Future Diary
1%
The Tatami Galaxy
1%
Vision of Escaflowne
1%
Mawaru Penguindrum
0%
Nadia : Le secret de l'eau bleue
0%
Aucun quiz correspondant
Distribution des résultats
% des personnes avec chaque résultat
Percentile par nombre de réponses
Votre historique - résultats
Vous n’avez pas pris ce quiz